LEADER 01358nam 22004093 450 001 9910512305703321 005 20211210080226.0 010 $a9783030811785$b(electronic bk.) 010 $z9783030811778 035 $a(MiAaPQ)EBC6823122 035 $a(Au-PeEL)EBL6823122 035 $a(CKB)20067160600041 035 $a(EXLCZ)9920067160600041 100 $a20211210d2022 uy 0 101 0 $aeng 135 $aurcnu|||||||| 181 $ctxt$2rdacontent 182 $cc$2rdamedia 183 $acr$2rdacarrier 200 10$aSocial Partners and Gender Equality $eChange and Continuity in Gendered Corporatism in Europe 210 1$aCham :$cSpringer International Publishing AG,$d2022. 210 4$d©2022. 215 $a1 online resource (324 pages) 225 1 $aGender and Politics Ser. 311 08$aPrint version: Elomäki, Anna Social Partners and Gender Equality Cham : Springer International Publishing AG,c2022 9783030811778 410 0$aGender and Politics Ser. 608 $aElectronic books. 676 $a305.094 700 $aElomäki$b Anna$01069476 701 $aKantola$b Johanna$01069477 701 $aKoskinen Sandberg$b Paula$01069478 801 0$bMiAaPQ 801 1$bMiAaPQ 801 2$bMiAaPQ 912 $a9910512305703321 996 $aSocial Partners and Gender Equality$92555992 997 $aUNINA LEADER 01657nas 2200481- 450 001 996203189103316 005 20230403213018.0 035 $a(DE-599)ZDB2252284-0 035 $a(CKB)110978978193048 035 $a(CONSER)---77576191- 035 $a(EXLCZ)99110978978193048 100 $a20751101a19709999 --- b 101 0 $aeng 181 $ctxt$2rdacontent 182 $cc$2rdamedia 183 $acr$2rdacarrier 200 00$aBalcanica 210 $aBeograd $c[Srpska Akademija Nauka i Umetnosti, Balkanolos?ki Institut] 215 $a1 online resource 300 $aRefereed/Peer-reviewed 300 $a"Annuaire de l'Institut des études balcaniques [i.e. balkaniques]." 300 $aVol. 1 dedicated to the 2d. International Congress of Balkan and Southeast European Studies, Athènes, 1970. 311 08$aPrint version: Balcanica. 0350-7653 (DLC) 77576191 (OCoLC)1775674 517 1 $aBalkanika 531 0 $aBalcanica 606 $aMinorities$2pplt 606 $aHistory$2pplt 607 $aBalkan Peninsula$vPeriodicals 607 $aBalkan Peninsula$2fast 607 $aBalkan Peninsula$vPeriodicals$2nli 608 $aPeriodicals.$2fast 608 $aPeriodicals.$2lcgft 615 7$aMinorities. 615 7$aHistory. 676 $a949.6 712 02$aSrpska akademija nauka i umetnosti. 712 02$aBalkanolo?ki institut (Srpska akademija nauka i umetnosti) 712 12$aInternational Congress of Balkan and Southeast European Studies$d(2nd :$f1970 :$eAthènes) 906 $aJOURNAL 912 $a996203189103316 920 $aexl_impl conversion 996 $aBalcanica$9892235 997 $aUNISA